[Event "Rheinland Pfalz op Seniors 16th"]
[Site "Neustadt an der Weinstrasse"]
[Date "2018.07.10"]
[Round "4"]
[White "Breuer, Magnus"]
[Black "Klingenhaeger, Georg"]
[Result "1-0"]
[WhiteElo "1789"]
[BlackElo "1141"]
[PlyCount "57"]
[EventDate "2018.07.07"]
[EventType "swiss"]
[EventRounds "9"]
[EventCountry "GER"]
[SourceTitle "EXT 2019"]
[Source "ChessBase"]
[SourceDate "2018.10.10"]
[SourceVersion "1"]
[SourceVersionDate "2018.10.10"]
[SourceQuality "1"]

1. b4 c6 2. e3 d6 3. a3 Nd7 4. Bb2 Nb6 5. c4 Na4 6. Qxa4 Bd7 7. Qc2 e5 8. d4 exd4 9. Bxd4 b6 10. Nf3 Rc8 11. Nbd2 Bg4 12. h3 Be6 13. Bd3 Nf6 14. 0-0 g6 15. Qb2 Bg7 16. Ne4 Rg8 17. Bxf6 Qc7 18. Bxg7 f5 19. Nf6+ Kf7 20. Nxg8 Rxg8 21. Bc3 Rb8 22. Ng5+ Ke7 23. Bf6+ Kd7 24. Nxe6 Kxe6 25. Bh4 b5 26. cxb5 cxb5 27. Qf6+ Kd7 28. Rac1 Qb7 29. Qe7# 1-0

[Event "Rheinland Pfalz op Seniors 16th"]
[Site "Neustadt an der Weinstrasse"]
[Date "2018.07.08"]
[Round "2"]
[White "Wawrinsky, Ludwig"]
[Black "Klingenhaeger, Georg"]
[Result "1-0"]
[WhiteElo "1710"]
[BlackElo "1141"]
[PlyCount "92"]
[EventDate "2018.07.07"]
[EventType "swiss"]
[EventRounds "9"]
[EventCountry "GER"]
[SourceTitle "EXT 2019"]
[Source "ChessBase"]
[SourceDate "2018.10.10"]
[SourceVersion "1"]
[SourceVersionDate "2018.10.10"]
[SourceQuality "1"]

1. e4 e5 2. Nf3 Nc6 3. Bc4 Bc5 4. Nc3 a6 5. a3 Nf6 6. d3 d6 7. Bg5 h6 8. Be3 0-0 9. h3 b5 10. Ba2 Bxe3 11. fxe3 Be6 12. Nd5 Na7 13. 0-0 c6 14. Nxf6+ Qxf6 15. Nd4 Qe7 16. Nxe6 fxe6 17. Qg4 d5 18. Qh5 Rxf1+ 19. Rxf1 Re8 20. Qxe5 Nc8 21. exd5 cxd5 22. c3 Nd6 23. Bb1 Nf7 24. Qg3 Rf8 25. d4 Re8 26. Qg6 Ng5 27. h4 Ne4 28. Bxe4 dxe4 29. Qxe4 Rd8 30. g3 Rd5 31. Qg4 Rd6 32. e4 Rd8 33. e5 a5 34. Rf6 Rf8 35. Rxe6 Qd7 36. Rg6 Rf7 37. e6 Qe7 38. exf7+ Qxf7 39. Rxh6 Qb3 40. Qe6+ Qxe6 41. Rxe6 Kf7 42. d5 b4 43. axb4 axb4 44. cxb4 g6 45. b5 Kg7 46. d6 Kf7 1-0